000 00550nam a22002052 4500
001 0000003565
005 20151217145736.0
008 070509s xx 000 0 eng d
020 _a0043700497 :
040 _aKABU
_cKABU
050 0 _aLB1051
_b.O23
100 1 _aO'Connell, Brian.
_@0000153569
245 1 0 _aAspects of learning.
260 _aLondon :
_bAllen & Unwin,
_c1973.
300 _a144 p.
650 0 _aLearning, Psychology of.
_@0000153570
908 _a070509
950 _@1
999 _c2152
_d2152